Clowns de fiction - Statistiques

Statistiques générales
  • Ce quiz a été pris 13 fois
    12 depuis la dernière actualisation
  • Le résultat moyen est 5 sur 15
Statistiques - réponses
Clown de fiction Univers % Correct
Pennywise Ca
100%
Krusty Les Simpson
73%
Ronald McDonald McDonald
73%
Art Terrifier
55%
Chuckles/Rictus Toy Story 3
36%
Twisty American Horror Story
27%
Fizbo Modern Family
27%
Bozo Bozo le clown
18%
Kiri Kiri le clown
18%
Dodon The Legend of Zelda
18%
Saggi le clown des tènèbres Yu-Gi-Oh!
18%
Norman Snively Air Bud
9%
Duela Dent Batman
9%
Zombozo Ben 10
9%
Adam McIntyre Dead Rising
9%
Aucun quiz correspondant
Distribution des résultats
% des personnes avec chaque résultat
Percentile par nombre de réponses
Votre historique - résultats
Vous n’avez pas pris ce quiz depuis la dernière actualisation